书目信息 |
| 题名: |
工业与民用建筑工程地质勘察
|
|
| 作者: | 本书编写组 编 | |
| 分册: | ||
| 出版信息: |
|
|
| 页数: | 474页 | |
| 开本: | 32开 | |
| 丛书名: | ||
| 单 册: | ||
| 中图分类: | TU191 | |
| 科图分类: | ||
| 主题词: | 建筑工程--地质勘探--理论 , 建筑工程--地质勘探--组织 | |
| 电子资源: | ||
| ISBN: | ||
| 000 | 00586nam0 2200193 45 | |
| 001 | 0006141523 | |
| 005 | 20000614153323.7 | |
| 010 | @d1.20元 | |
| 100 | @a20000614d km y0chiy0120 ea | |
| 101 | 0 | @achi |
| 105 | @a z 000yy | |
| 200 | 1 | @a工业与民用建筑工程地质勘察@AGong Ye Yu Min Yong Jian Zhu Gong Cheng Di Zhi Kan Cha@f本书编写组编@FBen Shu Bian Xie Zu Bian |
| 215 | @a474页@d32开 | |
| 606 | 0 | @a建筑工程@x地质勘探@x理论 |
| 606 | 0 | @a建筑工程@x地质勘探@x组织 |
| 690 | @aTU191@v3 | |
| 701 | 0 | @a本书编写组@4编 |
| 801 | @aCN@bPftUser@c20000614 | |
| 905 | @b206684@dTU191@eS798@f1 | |
| 工业与民用建筑工程地质勘察/本书编写组编 |
| 474页;32开 |
| ISBN :1.20元 |
| ● |
| 相关链接 |
|
|
|
正题名:工业与民用建筑工程地质勘察
索取号:TU191/S798
 
预约/预借
| 序号 | 登录号 | 条形码 | 馆藏地/架位号 | 状态 | 备注 |
| 1 | 206684 | 202066842 | 建筑库101/101建筑库 27排4列1层/ [索取号:TU191/S798] | 在馆 |